| 000 | 00477nam a22001697a 4500 | ||
|---|---|---|---|
| 008 | 221103b |||||||| |||| 00| 0 eng d | ||
| 082 | _a540/N42 | ||
| 100 | _aWagle, Pradyumna | ||
| 245 | _aA new comprehensive chemistry grade xii | ||
| 250 | _a2nd ed. | ||
| 260 |
_aKathmandu: _bHeritage Publications and Distributers, _c2022 |
||
| 300 | _b600p. ; illus. | ||
| 650 | _aChemistry | ||
| 650 |
_aElectrochemistry _99605 |
||
| 650 | _aChemical kinetics | ||
| 942 |
_2ddc _cGEN |
||
| 999 |
_c105695 _d105683 |
||